Nghiên cứu cố định enzyme lipase trên nano từ tính ứng dụng trong phản ứng chuyển hoá lipit
Tổng hợp được MNPs có kích thước tương đối đồng nhất độ ổn định cao, từ tính lớn để làm chất mang enzyme. Xây dựng phương pháp biến tính bề mặt MNPs, cố định enzyme phù hợp để tổng hợp được enzyme nano từ tính có hoạt tính xúc tác cao, bền trong môi trường phản ứng, ổn định và có khả năng tái sử dụn...
Wedi'i Gadw mewn:
| Prif Awdur: | |
|---|---|
| Awduron Eraill: | |
| Fformat: | Llyfr |
| Iaith: | Vietnamese |
| Cyhoeddwyd: |
Đà Nẵng
Đại học Đà Nẵng
2015
|
| Pynciau: | |
| Tagiau: |
Ychwanegu Tag
Dim Tagiau, Byddwch y cyntaf i dagio'r cofnod hwn!
|
| Thư viện lưu trữ: | Mạng thư viện Đại học Đà Nẵng |
|---|
| LEADER | 02115nam a2200361 4500 | ||
|---|---|---|---|
| 001 | 000023362 | ||
| 003 | 19813 | ||
| 005 | 20151202151246.0 | ||
| 008 | 151106s2015 viesd | ||
| 041 | |a vie | ||
| 082 | 1 | 4 | |a 660.634 |b VO-T |
| 100 | 1 | |a Võ Thị Thùy Trang | |
| 245 | 1 | |a Nghiên cứu cố định enzyme lipase trên nano từ tính ứng dụng trong phản ứng chuyển hoá lipit |c Võ Thị Thùy Trang ; Nguyễn Bá Trung hướng dẫn. |k Luận văn Thạc sĩ | |
| 260 | |a Đà Nẵng |b Đại học Đà Nẵng |c 2015 | ||
| 300 | |a 82 tr., phụ lục 5 tr. |c 29 cm. |e Tóm tắt | ||
| 500 | |a Luận văn thạc sĩ Khoa học. Chuyên ngành: Hóa hữu cơ. Mã số: 60.40.01.14 | ||
| 520 | 3 | |a Tổng hợp được MNPs có kích thước tương đối đồng nhất độ ổn định cao, từ tính lớn để làm chất mang enzyme. Xây dựng phương pháp biến tính bề mặt MNPs, cố định enzyme phù hợp để tổng hợp được enzyme nano từ tính có hoạt tính xúc tác cao, bền trong môi trường phản ứng, ổn định và có khả năng tái sử dụng nhiều lần. Ứng dụng phương pháp điều chế xúc tác enzyme từ tính để tổng hợp xúc tác enzyme nano từ tính cho một số phản ứng liên quan đến tổng hợp hóa dược, biodiesel. | |
| 650 | 0 | 4 | |a Phản ứng chuyển hóa lipit |v Luận văn tốt nghiệp |x Nghiên cứu |
| 653 | |a Phản ứng chuyển hóa lipit | ||
| 653 | |a Hóa hữu cơ | ||
| 653 | |a Enzyme lipase | ||
| 653 | |a Nano từ tính | ||
| 700 | 1 | |a Nguyễn Bá Trung |c TS. |e Hướng dẫn | |
| OWN | |a LSP | ||
| AVA | |a UDN50 |b LSP |d 660.634 VO-T |e available |t Error 5001 Not defined in file expand_doc_bib_avail. |f 1 |g 0 |h N |i 0 |k 1 | ||
| 999 | |a From the UDN01 | ||
| AVA | |a UDN50 |b LSP |d 660.634 VO-T |e available |t Error 5001 Not defined in file expand_doc_bib_avail. |f 1 |g 0 |h N |i 0 |k 1 | ||
| TYP | |a Monograph | ||
| TYP | |a Printed language | ||
| 980 | |a Mạng thư viện Đại học Đà Nẵng | ||